西所沢駅から出てる列車の行先 - Statistics

General Stats
  • This quiz has been taken 17 times
  • The average score is 20 of 27
Answer Stats
Hint Answer % Correct
池袋線上り 急行池袋行き
100%
池袋線下り 各駅停車飯能行き
92%
池袋線下り 準急飯能行き
92%
池袋線下り 急行飯能行き
92%
池袋線上り 各駅停車池袋行き
92%
池袋線上り 準急池袋行き
92%
狭山線 各駅停車西武球場前行き
92%
池袋線下り 各駅停車小手指行き
85%
池袋線下り 準急小手指行き
85%
池袋線下り 快速飯能行き
85%
池袋線下り 急行小手指行き
85%
池袋線上り 快速池袋行き
85%
池袋線下り 快速小手指行き
77%
池袋線上り 各駅停車新木場行き
69%
池袋線上り 各駅停車元町・中華街行き
69%
池袋線上り 準急新木場行き
69%
池袋線上り 通勤急行池袋行き
69%
狭山線 準急西武球場前行き
69%
狭山線 快速西武球場前行き
69%
池袋線上り 各駅停車小竹向原行き
62%
池袋線上り 各駅停車武蔵小杉行き
62%
池袋線上り 各駅停車菊名行き
62%
池袋線上り 準急元町・中華街行き
62%
池袋線上り 快速元町・中華街行き
62%
池袋線上り 通勤準急池袋行き
62%
池袋線上り 各駅停車元住吉行き
54%
池袋線上り 各駅停車横浜行き
54%
No matching quizzes found
Score Distribution
Percent of People with Each Score
Percentile by Number Answered
Your Score History
You have not taken this quiz